000 00288nam a22001337a 4500
008 181106b xxu||||| |||| 00| 0 eng d
020 _a9780393932928
041 _aeng
080 _a321
100 _a21
101 _aPOL
245 _aTheory Criticism
_cLientch.V.B
942 _2udc
_cBK
999 _c52044
_d52044